书目信息 |
| 题名: |
美声唱法的发展与演唱技巧
|
|
| 作者: | 刘继鹏 著 | |
| 分册: | ||
| 出版信息: | 延吉 延边大学出版社 2017 |
|
| 页数: | 142页 | |
| 开本: | 24cm | |
| 丛书名: | ||
| 单 册: | ||
| 中图分类: | J616.21 | |
| 科图分类: | ||
| 主题词: | 美声唱法--mei sheng chang fa--研究 | |
| 电子资源: | ||
| ISBN: | 978-7-5688-2979-3 | |
| 000 | 00811nam0 2200241 450 | |
| 001 | 012001008240 | |
| 005 | 20131022131920.0 | |
| 010 | @a978-7-5688-2979-3@dCNY40.00 | |
| 099 | @aCAL 012019058337 | |
| 100 | @a20190506d2017 em y0chiy50 ea | |
| 101 | 0 | @achi |
| 102 | @aCN@b220000 | |
| 105 | @aagk z 000yy | |
| 106 | @ar | |
| 200 | 1 | @a美声唱法的发展与演唱技巧@Amei sheng chang fa de fa zhan yu yan chang ji qiao@f刘继鹏著 |
| 210 | @a延吉@c延边大学出版社@d2017 | |
| 215 | @a142页@c图, 乐谱@d24cm | |
| 330 | @a本书主要讲述了美声唱法的渊源与发展 ; 美声唱法的洋为中用 ; 歌唱发声的基本要素 ; 美声唱法的发声技巧等内容。 | |
| 606 | 0 | @a美声唱法@Amei sheng chang fa@x研究 |
| 690 | @aJ616.21@v5 | |
| 701 | 0 | @a刘继鹏@ALiu Jipeng@4著 |
| 801 | 0 | @aCN@b上海新华@c20191020 |
| 905 | @b1178162-5@dJ616.21@e1056@f4 | |
| 美声唱法的发展与演唱技巧/刘继鹏著.-延吉:延边大学出版社,2017 |
| 142页:图, 乐谱;24cm |
| ISBN 978-7-5688-2979-3:CNY40.00 |
| 本书主要讲述了美声唱法的渊源与发展 ; 美声唱法的洋为中用 ; 歌唱发声的基本要素 ; 美声唱法的发声技巧等内容。 |
| ● |
| 相关链接 |
|
|
|
|
正题名:美声唱法的发展与演唱技巧
索取号:J616.21/1056
 
预约/预借
| 序号 | 登录号 | 条形码 | 馆藏地/架位号 | 状态 | 备注 |
| 1 | 1178162 | 211781623 | 第一样本阅览室/ [索取号:J616.21/1056] | 在馆 | |
| 2 | 1178163 | 211781632 | 第一借阅区/ [索取号:J616.21/1056] | 在馆 | |
| 3 | 1178164 | 211781641 | 第一借阅区/ [索取号:J616.21/1056] | 在馆 | |
| 4 | 1178165 | 211781650 | 第一借阅区/ [索取号:J616.21/1056] | 在馆 |